00794nam a2200229Ia 4500003000900000008004100009020003000050020003100080022002200111022002300133040001600156100002100172245007700193260003800270300002000308490005900328650004800387650002800435650001600463650001200479856007300491IN-BaIIA211028s9999 xx s 000 0 eng d a978-1-4419-7834-9 (Print) a978-1-4419-7835-6 (Online) a1618-7210 (Print) a2197-5647 (Online) cIIA Library aGerecht, Sharon  0aBiophysical Regulation of Vascular Differentiation and Assemblyh[eBook] aNew YorkbSpringer New Yorkc2011 aOnline resource aBiological and Medical Physics, Biomedical Engineering a Biological and Medical Physics, Biophysics a Biomedical Engineering a Stem Cells aPhysics uhttp://doi.org/10.1007/978-1-4419-7835-6yClick Here to Access eBook